000 00201 a2200097 4500
001 45644
100 _aSchlossstein, S
245 _aKensei
260 _aLondon
_bArrow books
_c
090 _c28818
_d28818
942 _aNUST-CAE
_cM
_c20911
999 _c280717
_d280717